|
|
|
|
| LEADER |
00771nta a2200217 i 4500 |
| 001 |
dipl103253 |
| 005 |
20220105094609.0 |
| 008 |
220105s2019 hu om 0|| hun d |
| 040 |
|
|
|a SZTE Diploma Repozitórium
|b hun
|
| 041 |
|
|
|a hun
|
| 100 |
1 |
|
|a Móga Róbert Adrián
|
| 245 |
1 |
0 |
|a Tönkölybúza (Tiritcum spelta) termesztése a Helvét-Farm Zrt. ökológiai gazdaságban
|h [elektronikus dokumentum] /
|c Róbert Adrián Móga
|
| 260 |
|
|
|c 2019
|
| 300 |
|
|
|a 31
|
| 650 |
|
4 |
|a Agrár
|
| 650 |
|
4 |
|a Agricultural sciences
|
| 650 |
|
4 |
|a Field crops
|
| 650 |
|
4 |
|a Plant breeding and plant protection
|
| 695 |
|
|
|a Tönkölybúza termesztés
|
| 700 |
1 |
|
|a Jakab Péter
|e ths
|
| 856 |
4 |
0 |
|u http://diploma.bibl.u-szeged.hu/id/eprint/103253/2/2019_moga_robert_adrian.pdf
|z Dokumentum-elérés
|